000 00540nam a2200205Ia 4500
003 GCL
008 140319s9999 xx 000 0 eng d
040 _aGCL /
_cGCL
082 0 4 _a181
_bU I
100 1 _aURVOY, DOMINIGUE
245 1 0 _aIBNRUSHD (AVERROES) /
_cURVOY, DOMINIGUE
260 _a[S.N] :
_bTHE AMERICAN UNIVERSITY IN CAIRO PRESS ،
_c1991
300 _a155 P P
650 0 4 _aPHILOSOPHY
650 0 4 _aIBN RUSHED
650 0 4 _aORIENTAL PHILOSOPHY
650 0 4 _aSPAIN - RENAISSANCE
650 0 4 _aANDALUS
942 _2ddc
_cBK
999 _c16793
_d16793